Soviet Union Political Reports, 1917-1970: 1949-1951 (Record no. 615394)

MARC details
000 -LEADER
fixed length control field 00496nam a2200181 a 4500
008 - FIXED-LENGTH DATA ELEMENTS--GENERAL INFORMATION
fixed length control field 260221s2026##################000#0#eng##
020 ## - INTERNATIONAL STANDARD BOOK NUMBER
ISBN 9781840970609
Paper back/Hardbound hbk
041 ## - LANGUAGE CODE
Language code of text/sound track or separate title eng
082 04 - DEWEY DECIMAL CLASSIFICATION NUMBER
Classification number 320.9470904
Item number JAR
100 ## - MAIN ENTRY--AUTHOR NAME
Personal name Jarman, Robert L.
245 10 - TITLE STATEMENT
Title Soviet Union Political Reports, 1917-1970: 1949-1951
Statement of responsibility, etc /Robert L. Jarman
260 ## - PUBLICATION, DISTRIBUTION, ETC. (IMPRINT)
Name of publisher Archive Editions,
Year of publication 2004
300 ## - PHYSICAL DESCRIPTION
Number of Pages 800p,'
Dimensions 20 cm
504 ## - BIBLIOGRAPHY, ETC. NOTE
Bibliography, etc Includes index
650 ## - SUBJECT ADDED ENTRY--TOPICAL TERM
Topical Term political science
942 ## - ADDED ENTRY ELEMENTS (KOHA)
Koha item type Reference
Holdings
Withdrawn status Lost status Damaged status Not for loan Home library Current library Shelving location Date acquired Full call number Accession Number Price effective from Koha item type
        Anna Centenary Library Anna Centenary Library 3RD FLOOR, B WING 21.02.2026 320.9470904 JAR.2 198001 21.02.2026 Reference
        Anna Centenary Library Anna Centenary Library 3RD FLOOR, B WING 21.02.2026 320.9470904 JAR.8 197998 21.02.2026 Reference
        Anna Centenary Library Anna Centenary Library 3RD FLOOR, B WING 21.02.2026 320.9470904 JAR.1 197991 21.02.2026 Reference
        Anna Centenary Library Anna Centenary Library 3RD FLOOR, B WING 21.02.2026 320.9470904 JAR.7 197997 21.02.2026 Reference
        Anna Centenary Library Anna Centenary Library 3RD FLOOR, B WING 21.02.2026 320.9470904 JAR.10 198000 21.02.2026 Reference
        Anna Centenary Library Anna Centenary Library 3RD FLOOR, B WING 21.02.2026 320.9470904 JAR.6 197996 21.02.2026 Reference
        Anna Centenary Library Anna Centenary Library 3RD FLOOR, B WING 21.02.2026 320.9470904 JAR.9 197999 21.02.2026 Reference
        Anna Centenary Library Anna Centenary Library 3RD FLOOR, B WING 04.04.2026 320.9470904 JAR.3 197993 04.04.2026 Reference

Find us on the map